La razón del éxito de los Estados Unidos: veinte años de política económica estatal
Guardat en:
| Autor principal: | |
|---|---|
| Format: | Llibre |
| Idioma: | espanyol |
| Publicat: |
Ciudad de México
Edamex
1985
|
| Matèries: | |
| Etiquetes: |
Afegir etiqueta
Sense etiquetes, Sigues el primer a etiquetar aquest registre!
|
MARC
| LEADER | 00000nam a2200000 a 4500 | ||
|---|---|---|---|
| 001 | UCX1237 | ||
| 003 | CL-VaPUC | ||
| 008 | 900626e19850000MX |||||||||||||||||spa|d | ||
| 082 | 0 | 4 | |a 338.097 |b SCH |2 21 |
| 100 | 0 | |a Schwarz, John E |e author |9 316660 | |
| 245 | 1 | 3 | |a La razón del éxito de los Estados Unidos: veinte años de política económica estatal |
| 300 | |a 166 p | ||
| 942 | |c BK | ||
| 945 | |d 19900626 00:00:00 | ||
| 260 | |a Ciudad de México |b Edamex |c 1985 | ||
| 650 | 7 | |a POLITICA ECONOMICA 1961-1971 |2 CL-VaPUC |9 316661 | |
| 650 | 7 | |a POLITICA ECONOMICA 1971-1981 |2 CL-VaPUC |9 316662 | |
| 651 | 0 | |a Estados Unidos |9 255178 | |
| 583 | |a last modification |c 19900626 00:00:00 |k Rodrigo Vera | ||
| 999 | |c 222514 |d 222512 | ||
| 952 | |0 0 |1 0 |4 0 |6 338_097000000000000_SCH_1985 |7 0 |8 A |9 217363 |a BIBENE |b BIBENE |d 2019-11-15 |i 2863251 |o 338.097 SCH 1985 |p 2863251 |r 2025-01-15 |w 2019-11-15 |y BK |k ICO | ||